Código rural
Gespeichert in:
| 1. Verfasser: | |
|---|---|
| Format: | Buch |
| Sprache: | Spanisch |
| Veröffentlicht: |
Montevideo
Dirección General de Extensión Universitaria
1979
|
| Ausgabe: | 1a. ed |
| Schlagworte: | |
| Tags: |
Tag hinzufügen
Keine Tags, Fügen Sie den ersten Tag hinzu!
|
MARC
| LEADER | 00000nam a2200000 a 4500 | ||
|---|---|---|---|
| 001 | UCK7510 | ||
| 003 | CL-VaPUC | ||
| 008 | 051125e19790000UY |||||||||||||||||spa|d | ||
| 082 | 0 | 4 | |a 344.89046 |b HEG |2 21 |
| 100 | 0 | |a Heguy Terra, Eduardo |e author |9 497024 | |
| 245 | 1 | 0 | |a Código rural |
| 250 | |a 1a. ed | ||
| 300 | |a 183 p | ||
| 942 | |c BK | ||
| 945 | |d 20051125 00:00:00 |a cmena | ||
| 260 | |a Montevideo |b Dirección General de Extensión Universitaria |c 1979 | ||
| 650 | 7 | |a DERECHO AGRARIO |2 CL-VaPUC |9 321361 | |
| 650 | 0 | |a Recursos naturales |9 255232 | |
| 650 | 0 | |a Zonas rurales |9 317366 | |
| 650 | 0 | |a Jurisprudencia |9 255952 | |
| 650 | 7 | |a PROPIEDAD AGRARIA |2 CL-VaPUC |9 370068 | |
| 650 | 0 | |a Industria agrícola |9 264819 | |
| 651 | 0 | |a Uruguay |9 255194 | |
| 583 | |a last modification |c 20051125 00:00:00 |k Rodrigo Vera | ||
| 999 | |c 315417 |d 315415 | ||
| 952 | |0 0 |1 0 |4 0 |6 344_890460000000000_HEG_1979 |7 0 |8 A |9 388628 |a BIBDER |b BIBDER |d 2019-11-22 |i 4129407 |o 344.89046 HEG 1979 |p 4129407 |r 2023-01-25 |w 2019-11-22 |y BK |k DER | ||